[Event "GBR-ch109 Over 50"]
[Site "Leicester"]
[Date "2023.07.30"]
[Round "7.15"]
[White "Baer, Bruce L"]
[Black "Watson, Simon"]
[Result "1-0"]
[WhiteElo "2026"]
[BlackElo "1835"]
[PlyCount "87"]
[EventDate "2023.07.24"]
[EventType "swiss"]
[EventRounds "7"]
[EventCountry "GBR"]
[SourceTitle "BritBase"]
[Source "John Saunders"]
[SourceDate "2025.01.31"]
[SourceVersion "1"]
[SourceVersionDate "2025.01.31"]
[SourceQuality "1"]

1. Nf3 Nf6 2. g3 g6 3. Bg2 Bg7 4. d3 d6 5. e4 O-O 6. O-O c5 7. Re1 Nc6 8. c3 Rb8 9. a4 a6 10. Na3 Qc7 11. d4 e5 12. d5 Ne7 13. b4 Nd7 14. Be3 b6 15. Qc1 Bb7 16. b5 a5 17. Nc4 Kh8 18. h4 Ng8 19. h5 h6 20. hxg6 fxg6 21. Nh4 Kh7 22. f4 exf4 23. gxf4 Qd8 24. Nxg6 Kxg6 25. e5 dxe5 26. Qc2+ e4 27. Qxe4+ Rf5 28. Bh3 Ne7 29. Nd6 Qf8 30. Qe6+ Qf6 31. Qxd7 Rxd5 32. Qg4+ Kh7 33. Nxb7 Rxb7 34. Bg2 Qg6 35. Qxg6+ Kxg6 36. Be4+ Kf7 37. Bxd5+ Nxd5 38. Bd2 Nxc3 39. Ra3 Nd5 40. Re4 Bd4+ 41. Kg2 Kf6 42. Rh3 Kf5 43. Kf3 Bg7 44. Rh5+ 1-0

[Event "GBR-ch109 Over 50"]
[Site "Leicester"]
[Date "2023.07.30"]
[Round "7.16"]
[White "Hughes, Roy"]
[Black "Wilson, Matthew R"]
[Result "0-1"]
[WhiteElo "2007"]
[BlackElo "1762"]
[PlyCount "86"]
[EventDate "2023.07.24"]
[EventType "swiss"]
[EventRounds "7"]
[EventCountry "GBR"]
[SourceTitle "BritBase"]
[Source "John Saunders"]
[SourceDate "2025.01.31"]
[SourceVersion "1"]
[SourceVersionDate "2025.01.31"]
[SourceQuality "1"]

1. d4 d5 2. Bf4 Nf6 3. e3 e6 4. Bd3 c5 5. c3 Nc6 6. Nd2 cxd4 7. exd4 Be7 8. Ngf3 Nh5 9. Be3 g6 10. g4 Ng7 11. Bh6 O-O 12. Qe2 Re8 13. h4 e5 14. Nxe5 Nxe5 15. dxe5 Bxh4 16. O-O-O g5 17. Bc2 Qb6 18. Qd3 Qxh6 19. f4 Bxg4 20. fxg5 Qh5 21. Rdg1 Bf5 22. Qd4 Bxc2 23. Rxh4 Qg6 24. Rh3 Ne6 25. Qe3 Ba4 26. b3 Bc6 27. Rh6 Qg7 28. Nf3 d4 29. Nxd4 Nxd4 30. cxd4 Rac8 31. Kb2 Rcd8 32. Rg3 Re6 33. Rf6 Kh8 34. Qf2 Rxf6 35. gxf6 Qh6 36. e6 fxe6 37. f7 Rf8 38. d5 Rxf7 39. Qxf7 Qd2+ 40. Ka3 Qa5+ 41. Kb2 Qd2+ 42. Ka3 Qc1+ 43. Kb4 a5+ 0-1

[Event "GBR-ch109 Over 50"]
[Site "Leicester"]
[Date "2023.07.30"]
[Round "7.17"]
[White "Kalerwa, Edwin M"]
[Black "Strugar, Ioan"]
[Result "1-0"]
[WhiteElo "1694"]
[BlackElo "1359"]
[PlyCount "59"]
[EventDate "2023.07.24"]
[EventType "swiss"]
[EventRounds "7"]
[EventCountry "GBR"]
[SourceTitle "BritBase"]
[Source "John Saunders"]
[SourceDate "2025.01.31"]
[SourceVersion "1"]
[SourceVersionDate "2025.01.31"]
[SourceQuality "1"]

1. d4 d5 2. c4 e6 3. a3 Nf6 4. Nf3 c5 5. Bg5 cxd4 6. Nxd4 Be7 7. e3 Qa5+ 8. Nd2 dxc4 9. Bxf6 Bxf6 10. Bxc4 O-O 11. O-O Rd8 12. Qe2 Nd7 13. Rad1 Ne5 14. Ne4 Be7 15. f4 Nxc4 16. Qxc4 Bd7 17. Rf3 Rac8 18. Qe2 e5 19. fxe5 Bg4 20. Rdf1 Qxe5 21. Qf2 Bxf3 22. Qxf3 f6 23. Nf5 Rd7 24. Qg4 Kf8 25. Qxg7+ Ke8 26. Qh8+ Bf8 27. Nxf6+ Kd8 28. Qxf8+ Kc7 29. Rc1+ Kb6 30. Nxd7+ 1-0

[Event "GBR-ch109 Over 65"]
[Site "Leicester"]
[Date "2023.07.24"]
[Round "1.1"]
[White "Chapman, Terry PD"]
[Black "Habershon, Paul F"]
[Result "1-0"]
[WhiteElo "2248"]
[BlackElo "1890"]
[PlyCount "85"]
[EventDate "2023.07.24"]
[EventType "swiss"]
[EventRounds "7"]
[EventCountry "GBR"]
[SourceTitle "BritBase"]
[Source "John Saunders"]
[SourceDate "2025.01.31"]
[SourceVersion "1"]
[SourceVersionDate "2025.01.31"]
[SourceQuality "1"]

1. Nf3 d5 2. d4 Nf6 3. c4 e6 4. g3 Be7 5. Bg2 O-O 6. O-O c6 7. Qc2 Nbd7 8. Nbd2 b6 9. e4 Bb7 10. e5 Ne8 11. cxd5 cxd5 12. Re1 Rc8 13. Qa4 a5 14. Bf1 Nc7 15. h4 Ba6 16. a3 Ra8 17. Bxa6 Rxa6 18. Nf1 b5 19. Qc2 Qb8 20. Bg5 Bxg5 21. Nxg5 f5 22. exf6 Nxf6 23. Rac1 h6 24. Nh3 Nce8 25. Kg2 Rf7 26. Qg6 Qa7 27. Qd3 b4 28. Nf4 Rb6 29. Rxe6 Rxe6 30. Nxe6 Qe7 31. Nf4 bxa3 32. bxa3 Qe4+ 33. Qxe4 dxe4 34. Rc5 Rd7 35. Rxa5 Rxd4 36. Ne3 Rd2 37. h5 Nd6 38. Ra8+ Kh7 39. g4 Nf7 40. Ng6 Nd5 41. Nxd5 Rxd5 42. Rf8 Rd7 43. a4 1-0

[Event "GBR-ch109 Over 65"]
[Site "Leicester"]
[Date "2023.07.24"]
[Round "1.2"]
[White "Moore, John C"]
[Black "Giulian, Philip Maurice"]
[Result "1/2-1/2"]
[WhiteElo "1886"]
[BlackElo "2141"]
[PlyCount "74"]
[EventDate "2023.07.24"]
[EventType "swiss"]
[EventRounds "7"]
[EventCountry "GBR"]
[SourceTitle "BritBase"]
[Source "John Saunders"]
[SourceDate "2025.01.31"]
[SourceVersion "1"]
[SourceVersionDate "2025.01.31"]
[SourceQuality "1"]

1. e4 e6 2. d4 d5 3. Nc3 Nf6 4. Bg5 Bb4 5. e5 h6 6. exf6 hxg5 7. fxg7 Rg8 8. h4 gxh4 9. Qg4 Qf6 10. Rxh4 Nc6 11. Nf3 Rxg7 12. Rh8+ Ke7 13. Qh4 Qxh4 14. Rxh4 Bd7 15. O-O-O Rag8 16. g3 Rg4 17. Rxg4 Rxg4 18. a3 Bxc3 19. bxc3 Na5 20. Ne5 Rg8 21. Bd3 Rh8 22. Rf1 Be8 23. Nf3 a6 24. Nd2 Bb5 25. Kb2 Rh2 26. Nf3 Rh6 27. Nd2 Rh2 28. Nf3 Rh6 29. Nd2 Nc6 30. Nb3 b6 31. Nd2 Rh2 32. Nf3 Rh6 33. Nd2 e5 34. dxe5 Nxe5 35. Bxb5 axb5 36. Re1 Kd6 37. f4 Nc4+ 1/2-1/2

[Event "GBR-ch109 Over 65"]
[Site "Leicester"]
[Date "2023.07.24"]
[Round "1.3"]
[White "Binks, Michael E"]
[Black "Fryer, David William"]
[Result "0-1"]
[WhiteElo "2140"]
[BlackElo "1880"]
[PlyCount "65"]
[EventDate "2023.07.24"]
[EventType "swiss"]
[EventRounds "7"]
[EventCountry "GBR"]
[SourceTitle "BritBase"]
[Source "John Saunders"]
[SourceDate "2025.01.31"]
[SourceVersion "1"]
[SourceVersionDate "2025.01.31"]
[SourceQuality "1"]

1. d4 Nf6 2. Nf3 e6 3. Bf4 d5 4. e3 c5 5. c3 Qb6 6. Qb3 Nc6 7. Qxb6 axb6 8. Bc7 Nd7 9. Bb5 f6 10. Nbd2 Be7 11. O-O O-O 12. Rfe1 Bd8 13. Bg3 Na7 14. Bxd7 Bxd7 15. dxc5 bxc5 16. Bd6 Re8 17. Bxc5 b6 18. Ba3 e5 19. c4 Be6 20. b3 Nc6 21. Bd6 dxc4 22. bxc4 Ra4 23. Rec1 Na5 24. a3 Nxc4 25. Nxc4 Rxc4 26. Rxc4 Bxc4 27. Rc1 Be6 28. Nd2 b5 29. Rb1 Ba5 30. Bb4 Bb6 31. Kf1 Rc8 32. Ke2 Kf7 33. Kd1 0-1

[Event "GBR-ch109 Over 65"]
[Site "Leicester"]
[Date "2023.07.24"]
[Round "1.4"]
[White "Fallowfield, Nicholas"]
[Black "Orton, Stephen LA"]
[Result "0-1"]
[WhiteElo "1875"]
[BlackElo "2133"]
[PlyCount "53"]
[EventDate "2023.07.24"]
[EventType "swiss"]
[EventRounds "7"]
[EventCountry "GBR"]
[SourceTitle "BritBase"]
[Source "John Saunders"]
[SourceDate "2025.01.31"]
[SourceVersion "1"]
[SourceVersionDate "2025.01.31"]
[SourceQuality "1"]

1. Nf3 d6 2. c4 e5 3. d4 exd4 4. Nxd4 Nf6 5. Nc3 g6 6. g3 Bg7 7. Bg2 O-O 8. O-O Nbd7 9. e4 Nc5 10. f3 a5 11. Be3 Nfd7 12. Qd2 Ne5 13. b3 Ne6 14. Ndb5 f5 15. Bh6 Bxh6 16. Qxh6 c6 17. Na3 f4 18. Rad1 Nf7 19. Qh3 Ng7 20. g4 h5 21. Kh1 Ne5 22. c5 hxg4 23. Qh6 gxf3 24. Bxf3 Nxf3 25. Qxg6 Rf6 26. Rxd6 Qxd6 27. Ncb5 0-1

[Event "GBR-ch109 Over 65"]
[Site "Leicester"]
[Date "2023.07.24"]
[Round "1.5"]
[White "Morley, Andrew J"]
[Black "Collinson, Mark I"]
[Result "1-0"]
[WhiteElo "2089"]
[BlackElo "1865"]
[PlyCount "85"]
[EventDate "2023.07.24"]
[EventType "swiss"]
[EventRounds "7"]
[EventCountry "GBR"]
[SourceTitle "BritBase"]
[Source "John Saunders"]
[SourceDate "2025.01.31"]
[SourceVersion "1"]
[SourceVersionDate "2025.01.31"]
[SourceQuality "1"]

1. e4 c5 2. Nf3 d6 3. d4 cxd4 4. Nxd4 Nf6 5. Nc3 g6 6. Be3 Nc6 7. Qd2 Ng4 8. Bg5 h6 9. Bh4 Bg7 10. Nb3 O-O 11. Be2 a5 12. a4 Be6 13. O-O Nf6 14. Bxf6 Bxf6 15. Qxh6 Rc8 16. Rad1 Bg7 17. Qh4 Ne5 18. Nd4 Bf6 19. Qg3 Bc4 20. Bxc4 Nxc4 21. Nd5 Bxd4 22. Rxd4 e6 23. Nc3 Qf6 24. Nb5 Nxb2 25. Qb3 d5 26. Qxb2 dxe4 27. Qb3 Qe5 28. Re1 f5 29. c3 Kg7 30. Qa3 Rc5 31. Rd7+ Kf6 32. Rc7 Rxc7 33. Qxf8+ Rf7 34. Qh8+ Rg7 35. Qd8+ Re7 36. Qxa5 f4 37. Qb4 Rd7 38. Qf8+ Kg5 39. Nd4 Kh5 40. Qg8 e3 41. fxe3 fxe3 42. Qxe6 Qxe6 43. Nxe6 1-0

[Event "GBR-ch109 Over 65"]
[Site "Leicester"]
[Date "2023.07.24"]
[Round "1.6"]
[White "Ingham, H William"]
[Black "Raynes, Paul C"]
[Result "1/2-1/2"]
[WhiteElo "1833"]
[BlackElo "2062"]
[PlyCount "106"]
[EventDate "2023.07.24"]
[EventType "swiss"]
[EventRounds "7"]
[EventCountry "GBR"]
[SourceTitle "BritBase"]
[Source "John Saunders"]
[SourceDate "2025.01.31"]
[SourceVersion "1"]
[SourceVersionDate "2025.01.31"]
[SourceQuality "1"]

1. d4 Nf6 2. e3 b6 3. Nf3 Bb7 4. Bd3 e6 5. Nbd2 c5 6. O-O Nc6 7. c3 Rc8 8. Qe2 cxd4 9. exd4 Nd5 10. g3 Be7 11. Re1 h6 12. Ne5 Nxe5 13. dxe5 Qc7 14. Nf3 Bc5 15. Bd2 a5 16. Rac1 Qb8 17. a3 Qa8 18. Nh4 g5 19. Ng2 a4 20. Ne3 Nxe3 21. Bxe3 Bxe3 22. Qxe3 Bh1 23. Bf1 Rc5 24. Rcd1 Bc6 25. Rd4 Qb7 26. Bd3 Rd5 27. Rxd5 Bxd5 28. Be4 b5 29. Bxd5 Qxd5 30. Qe4 Qc6 31. Qb4 h5 32. Qd6 Qxd6 33. exd6 f6 34. Re4 Kf7 35. Rb4 Rc8 36. Rxb5 Rc6 37. Ra5 Rxd6 38. Rxa4 Rd2 39. b4 h4 40. gxh4 gxh4 41. h3 Rb2 42. c4 d5 43. Ra7+ Kg6 44. c5 Kf5 45. c6 Kf4 46. c7 Rc2 47. b5 Kf3 48. b6 Rc1+ 49. Kh2 Rc2 50. b7 Rxf2+ 51. Kg1 Rd2 52. c8=Q Rd1+ 53. Kh2 Rd2+ 1/2-1/2

[Event "GBR-ch109 Over 65"]
[Site "Leicester"]
[Date "2023.07.24"]
[Round "1.7"]
[White "Surtees, Michael J"]
[Black "Scowen, Roger S"]
[Result "1-0"]
[WhiteElo "2059"]
[BlackElo "1831"]
[PlyCount "63"]
[EventDate "2023.07.24"]
[EventType "swiss"]
[EventRounds "7"]
[EventCountry "GBR"]
[SourceTitle "BritBase"]
[Source "John Saunders"]
[SourceDate "2025.01.31"]
[SourceVersion "1"]
[SourceVersionDate "2025.01.31"]
[SourceQuality "1"]

1. c3 d5 2. f4 Nf6 3. Qc2 c5 4. d3 g6 5. e4 dxe4 6. dxe4 Bg7 7. Nf3 O-O 8. Be3 b6 9. Nbd2 Bb7 10. h3 Qc7 11. g4 Rd8 12. Be2 Nc6 13. O-O-O Na5 14. Rhg1 Rac8 15. Kb1 a6 16. Ka1 b5 17. Ne5 c4 18. g5 Rxd2 19. Qxd2 Bxe4 20. b4 cxb3 21. gxf6 Bxf6 22. Bd4 Bc2 23. Rc1 Bxe5 24. fxe5 Nc4 25. Bxc4 bxc4 26. Rxc2 bxc2 27. Qxc2 Rb8 28. Rb1 Rb5 29. Rxb5 axb5 30. Qe4 Qd7 31. e6 Qxe6 32. Qa8+ 1-0

[Event "GBR-ch109 Over 65"]
[Site "Leicester"]
[Date "2023.07.24"]
[Round "1.8"]
[White "Erdogan, Hassan"]
[Black "Punnett, Alan Kenneth"]
[Result "0-1"]
[WhiteElo "1829"]
[BlackElo "2051"]
[PlyCount "85"]
[EventDate "2023.07.24"]
[EventType "swiss"]
[EventRounds "7"]
[EventCountry "GBR"]
[SourceTitle "BritBase"]
[Source "John Saunders"]
[SourceDate "2025.01.31"]
[SourceVersion "1"]
[SourceVersionDate "2025.01.31"]
[SourceQuality "1"]

1. d4 d5 2. Nf3 Nf6 3. e3 e6 4. Bd3 b6 5. Nbd2 Bb7 6. b3 Bd6 7. Bb2 O-O 8. O-O Nbd7 9. Qe2 Ne4 10. c4 Nxd2 11. Qxd2 f5 12. Ne5 Bxe5 13. dxe5 Nc5 14. Qe2 Nxd3 15. Qxd3 c5 16. f4 Rf7 17. cxd5 Bxd5 18. Rad1 Qh4 19. Rf2 Qg4 20. Qe2 Qh4 21. g3 Qe7 22. Qe1 Qb7 23. h3 a5 24. Qc3 Rc8 25. Rc1 Rfc7 26. Kh2 Qa6 27. g4 g6 28. gxf5 gxf5 29. Rg1+ Rg7 30. Rxg7+ Kxg7 31. Rd2 Qf1 32. Qc1 Qf3 33. Qe1 Kf7 34. Rxd5 Qxd5 35. Qh4 Qd2+ 36. Kh1 Qd1+ 37. Kh2 Qc2+ 38. Kh1 Qb1+ 39. Kh2 Qxb2+ 40. Kh1 Qc1+ 41. Kh2 Qd2+ 42. Kh1 Qd5+ 43. Kh2 0-1

[Event "GBR-ch109 Over 65"]
[Site "Leicester"]
[Date "2023.07.24"]
[Round "1.9"]
[White "Jackson, Sheila"]
[Black "Goodwin, Ed H"]
[Result "0-1"]
[WhiteElo "2039"]
[BlackElo "1824"]
[PlyCount "74"]
[EventDate "2023.07.24"]
[EventType "swiss"]
[EventRounds "7"]
[EventCountry "GBR"]
[SourceTitle "BritBase"]
[Source "John Saunders"]
[SourceDate "2025.01.31"]
[SourceVersion "1"]
[SourceVersionDate "2025.01.31"]
[SourceQuality "1"]

1. e4 e6 2. Nf3 d5 3. Nc3 d4 4. Ne2 c5 5. c3 Nc6 6. d3 e5 7. Ng3 g6 8. Be2 Bh6 9. O-O Bxc1 10. Rxc1 Nge7 11. cxd4 cxd4 12. Qd2 Qd6 13. Qh6 Ng8 14. Qd2 Nge7 15. a3 O-O 16. Qh6 f6 17. Nh5 Rf7 18. Nxf6+ Qxf6 19. Ng5 Rg7 20. f4 exf4 21. g3 Nf5 22. exf5 Bxf5 23. Rxf4 Qe5 24. Rf2 Qe3 25. Rcf1 Ne5 26. Kg2 Nxd3 27. Qh4 Nxf2 28. Bc4+ Kh8 29. Rxf2 Rf8 30. Re2 Qc1 31. Qxd4 Qxg5 32. h4 Qd8 33. Qe5 h5 34. Bd5 Kh7 35. b4 Qf6 36. Qe3 Rd7 37. Bc4 Bg4 0-1

[Event "GBR-ch109 Over 65"]
[Site "Leicester"]
[Date "2023.07.24"]
[Round "1.10"]
[White "Phillips, William"]
[Black "Bhopal, Rajinder S"]
[Result "1-0"]
[WhiteElo "1808"]
[BlackElo "2021"]
[PlyCount "95"]
[EventDate "2023.07.24"]
[EventType "swiss"]
[EventRounds "7"]
[EventCountry "GBR"]
[SourceTitle "BritBase"]
[Source "John Saunders"]
[SourceDate "2025.01.31"]
[SourceVersion "1"]
[SourceVersionDate "2025.01.31"]
[SourceQuality "1"]

1. d4 Nf6 2. Nf3 e6 3. Bg5 Be7 4. e3 b6 5. Bd3 Bb7 6. c4 Ne4 7. Bxe7 Qxe7 8. O-O O-O 9. Qc2 f5 10. Nc3 Nxc3 11. bxc3 Bxf3 12. gxf3 d6 13. Kh1 Qh4 14. Rg1 Nd7 15. Rg2 Rf7 16. d5 exd5 17. Bxf5 Nc5 18. cxd5 Raf8 19. e4 Qf4 20. Qe2 Re7 21. Bg4 Qe5 22. Qe3 Kh8 23. Qd4 Qf4 24. Rag1 Rf6 25. Rg3 Re5 26. Qe3 g6 27. Qxf4 Rxf4 28. Bh3 Nd3 29. Kg2 Rh4 30. Kf1 Nf4 31. Rg4 Rxg4 32. Bxg4 Kg7 33. h4 Kf6 34. Ke1 Ke7 35. Bc8 Nxd5 36. Kd2 Nf6 37. Rg5 Nh5 38. Ke3 Kf6 39. f4 Re8 40. Bd7 Re7 41. Bg4 Ng7 42. h5 gxh5 43. Bxh5 c6 44. Bf3 h6 45. Rg1 Nf5+ 46. Kd3 Nh4 47. Bh5 Rg7 48. e5+ 1-0

[Event "GBR-ch109 Over 65"]
[Site "Leicester"]
[Date "2023.07.24"]
[Round "1.11"]
[White "Hutchinson, Paul A"]
[Black "Dennis, Nigel W"]
[Result "1-0"]
[WhiteElo "1996"]
[BlackElo "1803"]
[PlyCount "69"]
[EventDate "2023.07.24"]
[EventType "swiss"]
[EventRounds "7"]
[EventCountry "GBR"]
[SourceTitle "BritBase"]
[Source "John Saunders"]
[SourceDate "2025.01.31"]
[SourceVersion "1"]
[SourceVersionDate "2025.01.31"]
[SourceQuality "1"]

1. d4 Nf6 2. Bf4 d6 3. Nd2 g6 4. e4 Bg7 5. h3 b6 6. Ngf3 c5 7. e5 dxe5 8. dxe5 Nd5 9. Bg3 O-O 10. Bc4 Ba6 11. Qe2 Bxc4 12. Qxc4 Nc6 13. Ne4 e6 14. Rd1 Qc7 15. Nd6 Rad8 16. O-O Qe7 17. Qe2 h6 18. c4 Nc7 19. Qe4 Nb8 20. Qb7 Rd7 21. Qxa7 Nd5 22. Qa4 Ra7 23. Qb3 Nb4 24. a3 N4c6 25. Qxb6 Ra5 26. Ne4 Rd8 27. Rd6 Rxd6 28. exd6 Qd8 29. Qxd8+ Nxd8 30. Be5 Nbc6 31. Nf6+ Kh8 32. Bc3 Ra7 33. Rd1 Nd4 34. Nxd4 Bxf6 35. Nb5 1-0

[Event "GBR-ch109 Over 65"]
[Site "Leicester"]
[Date "2023.07.24"]
[Round "1.12"]
[White "Ramage, Colin R"]
[Black "Moore, Geoffrey R"]
[Result "0-1"]
[WhiteElo "1802"]
[BlackElo "1994"]
[PlyCount "54"]
[EventDate "2023.07.24"]
[EventType "swiss"]
[EventRounds "7"]
[EventCountry "GBR"]
[SourceTitle "BritBase"]
[Source "John Saunders"]
[SourceDate "2025.01.31"]
[SourceVersion "1"]
[SourceVersionDate "2025.01.31"]
[SourceQuality "1"]

1. e4 c5 2. d4 cxd4 3. c3 dxc3 4. Nxc3 Nc6 5. Nf3 g6 6. Bc4 Bg7 7. O-O d6 8. Bf4 Nf6 9. Qe2 O-O 10. Rfd1 Qa5 11. h3 a6 12. Rac1 b5 13. Bb3 Bb7 14. e5 dxe5 15. Nxe5 Nxe5 16. Bxe5 Rfd8 17. Bd4 b4 18. Na4 Qg5 19. f4 Qxf4 20. Qxe7 Nd5 21. Qxb7 Bxd4+ 22. Rxd4 Qxd4+ 23. Kh1 Ra7 24. Qc6 Rc7 25. Bxd5 Rxc6 26. Bxc6 Rc8 27. b3 Qd6 0-1

[Event "GBR-ch109 Over 65"]
[Site "Leicester"]
[Date "2023.07.24"]
[Round "1.13"]
[White "Kelly, Ian G"]
[Black "Spanton, Timothy R"]
[Result "0-1"]
[WhiteElo "1987"]
[BlackElo "1800"]
[PlyCount "110"]
[EventDate "2023.07.24"]
[EventType "swiss"]
[EventRounds "7"]
[EventCountry "GBR"]
[SourceTitle "BritBase"]
[Source "John Saunders"]
[SourceDate "2025.01.31"]
[SourceVersion "1"]
[SourceVersionDate "2025.01.31"]
[SourceQuality "1"]

1. Nf3 Nc6 2. c4 e5 3. Nc3 g6 4. g3 Bg7 5. Bg2 d6 6. O-O Nge7 7. a3 a5 8. d4 Nxd4 9. Nxd4 exd4 10. Nb5 Nc6 11. e3 d3 12. Qxd3 O-O 13. Rd1 Ne5 14. Qe2 Be6 15. Rd4 Nc6 16. Rd2 Ne5 17. Bd5 c6 18. Bxe6 fxe6 19. f4 cxb5 20. fxe5 Bxe5 21. cxb5 Qg5 22. e4 Bxg3 23. Kh1 Rf2 24. Qxf2 Bxf2 25. Rxf2 Qxb5 26. Bh6 Qh5 27. Bd2 Qe5 28. Re1 Qxb2 29. Ref1 Qxa3 30. Bh6 d5 31. exd5 exd5 32. Rf7 Re8 33. Rg7+ Kh8 34. Rgf7 Qb4 35. Rf8+ Rxf8 36. Rxf8+ Qxf8 37. Bxf8 Kg8 38. Ba3 Kf7 39. Kg2 Ke6 40. Kf3 Kf5 41. Bc5 b5 42. h3 g5 43. Ke3 h5 44. Kf3 b4 45. Ke3 g4 46. hxg4+ hxg4 47. Bd6 b3 48. Ba3 g3 49. Kf3 g2 50. Kxg2 Ke4 51. Kf2 Kd3 52. Kf3 Kc3 53. Ke3 d4+ 54. Ke2 Kc2 55. Ke1 d3 0-1

[Event "GBR-ch109 Over 65"]
[Site "Leicester"]
[Date "2023.07.24"]
[Round "1.14"]
[White "Matthews, Gabriel"]
[Black "Hutchinson, Norman A"]
[Result "1-0"]
[WhiteElo "1783"]
[BlackElo "1982"]
[PlyCount "65"]
[EventDate "2023.07.24"]
[EventType "swiss"]
[EventRounds "7"]
[EventCountry "GBR"]
[SourceTitle "BritBase"]
[Source "John Saunders"]
[SourceDate "2025.01.31"]
[SourceVersion "1"]
[SourceVersionDate "2025.01.31"]
[SourceQuality "1"]

1. d4 Nf6 2. Nf3 e6 3. e3 b6 4. Bd3 Bb7 5. Nbd2 c5 6. O-O d5 7. Ne5 c4 8. Be2 Nc6 9. f4 b5 10. Bf3 Ne7 11. Qe1 Ne4 12. Ng4 Nf5 13. Nf2 Ned6 14. g4 Nh4 15. Kh1 g5 16. Nh3 gxf4 17. exf4 Qf6 18. c3 Rg8 19. Bd1 Qe7 20. Nf2 O-O-O 21. Nf3 Ne4 22. Nxe4 dxe4 23. Nxh4 e3+ 24. Ng2 f5 25. g5 h6 26. Qxe3 hxg5 27. Bf3 gxf4 28. Bxb7+ Kxb7 29. Qf3+ Kb6 30. Bxf4 Rg4 31. Rae1 Bg7 32. Re2 Rh8 33. Rfe1 1-0

[Event "GBR-ch109 Over 65"]
[Site "Leicester"]
[Date "2023.07.24"]
[Round "1.15"]
[White "Bray, David J"]
[Black "Graham, Neil"]
[Result "1-0"]
[WhiteElo "1975"]
[BlackElo "1764"]
[PlyCount "37"]
[EventDate "2023.07.24"]
[EventType "swiss"]
[EventRounds "7"]
[EventCountry "GBR"]
[SourceTitle "BritBase"]
[Source "John Saunders"]
[SourceDate "2025.01.31"]
[SourceVersion "1"]
[SourceVersionDate "2025.01.31"]
[SourceQuality "1"]

1. Nf3 d5 2. d4 Bf5 3. c4 e6 4. Nc3 c6 5. e3 Nf6 6. Bd3 Bxd3 7. Qxd3 dxc4 8. Qxc4 Nbd7 9. O-O Nb6 10. Qe2 Be7 11. b3 O-O 12. Bb2 Nbd5 13. Rac1 Nxc3 14. Bxc3 Nd5 15. Ba1 Ba3 16. Rcd1 a5 17. Ne5 a4 18. bxa4 Qa5 19. Qd3 1-0

[Event "GBR-ch109 Over 65"]
[Site "Leicester"]
[Date "2023.07.24"]
[Round "1.16"]
[White "Tidmarsh, David A"]
[Black "Lawson, Maurice E"]
[Result "0-1"]
[WhiteElo "1761"]
[BlackElo "1972"]
[PlyCount "58"]
[EventDate "2023.07.24"]
[EventType "swiss"]
[EventRounds "7"]
[EventCountry "GBR"]
[SourceTitle "BritBase"]
[Source "John Saunders"]
[SourceDate "2025.01.31"]
[SourceVersion "1"]
[SourceVersionDate "2025.01.31"]
[SourceQuality "1"]

1. e4 c6 2. d4 d5 3. e5 Bf5 4. h4 h5 5. Bd3 Bxd3 6. Qxd3 e6 7. Bg5 Qc7 8. Nf3 Ne7 9. Bxe7 Bxe7 10. O-O a6 11. c4 b6 12. Nbd2 Qb7 13. Rfc1 c5 14. b3 Nd7 15. Re1 g6 16. cxd5 Qxd5 17. Qe4 Qxe4 18. Rxe4 O-O 19. g3 Rfd8 20. Nc4 b5 21. Nb2 Nb6 22. dxc5 Bxc5 23. Rb1 Rd5 24. Nd1 Rad8 25. Ne3 Rd3 26. Re1 Nd5 27. Nxd5 Rxf3 28. Ne3 Rd2 29. Rf1 Rxa2 0-1

[Event "GBR-ch109 Over 65"]
[Site "Leicester"]
[Date "2023.07.24"]
[Round "1.17"]
[White "De Coverly, Roger D"]
[Black "Matthew, Ian G"]
[Result "1-0"]
[WhiteElo "1955"]
[BlackElo "1745"]
[PlyCount "73"]
[EventDate "2023.07.24"]
[EventType "swiss"]
[EventRounds "7"]
[EventCountry "GBR"]
[SourceTitle "BritBase"]
[Source "John Saunders"]
[SourceDate "2025.01.31"]
[SourceVersion "1"]
[SourceVersionDate "2025.01.31"]
[SourceQuality "1"]

1. Nf3 d5 2. g3 Nc6 3. Bg2 Bg4 4. h3 Bf5 5. d3 e5 6. Nc3 Nge7 7. O-O Qd7 8. Kh2 O-O-O 9. b4 f6 10. Rb1 Ng6 11. b5 Nb8 12. Qe1 h5 13. h4 Be6 14. a4 Qd6 15. e4 Kd7 16. Nxd5 Bxd5 17. exd5 Ke8 18. Qe4 Ne7 19. c4 Nd7 20. d4 f5 21. dxe5 fxe4 22. exd6 cxd6 23. Ng5 Ne5 24. Bxe4 Nxc4 25. Re1 Ne5 26. f4 Ng4+ 27. Kg2 Rc8 28. Bg6+ Kd8 29. Nf7+ Kd7 30. Nxh8 Nxg6 31. Nxg6 Rc2+ 32. Kg1 Nh2 33. Nxf8+ Kc8 34. Re8+ Kc7 35. Be3 Nf3+ 36. Kf1 Rh2 37. Rc1+ 1-0

[Event "GBR-ch109 Over 65"]
[Site "Leicester"]
[Date "2023.07.24"]
[Round "1.18"]
[White "Daniels, David W"]
[Black "Campbell, Ian"]
[Result "1/2-1/2"]
[WhiteElo "1655"]
[BlackElo "1952"]
[PlyCount "61"]
[EventDate "2023.07.24"]
[EventType "swiss"]
[EventRounds "7"]
[EventCountry "GBR"]
[SourceTitle "BritBase"]
[Source "John Saunders"]
[SourceDate "2025.01.31"]
[SourceVersion "1"]
[SourceVersionDate "2025.01.31"]
[SourceQuality "1"]

1. d4 f5 2. Nc3 Nf6 3. Bg5 d5 4. Nf3 e6 5. g3 Be7 6. Bg2 O-O 7. O-O c6 8. e3 Bd7 9. Ne5 Be8 10. Bf3 Nbd7 11. Bf4 Nxe5 12. Bxe5 Nd7 13. Bg2 Nxe5 14. dxe5 Qc7 15. f4 Rd8 16. Ne2 c5 17. c3 Bb5 18. Rf2 Rd7 19. Rc1 Rfd8 20. a4 Bc6 21. Qb3 Qa5 22. Bh3 Kf7 23. g4 g6 24. Ra1 Rg8 25. Rff1 Qb6 26. Qxb6 axb6 27. Kf2 Rdd8 28. a5 bxa5 29. Rxa5 Ra8 30. Rfa1 Rxa5 31. Rxa5 1/2-1/2

[Event "GBR-ch109 Over 65"]
[Site "Leicester"]
[Date "2023.07.24"]
[Round "1.19"]
[White "Milnes, Anthony CP"]
[Black "Dhillon, Tarsem"]
[Result "1/2-1/2"]
[WhiteElo "1943"]
[BlackElo "1609"]
[PlyCount "64"]
[EventDate "2023.07.24"]
[EventType "swiss"]
[EventRounds "7"]
[EventCountry "GBR"]
[SourceTitle "BritBase"]
[Source "John Saunders"]
[SourceDate "2025.01.31"]
[SourceVersion "1"]
[SourceVersionDate "2025.01.31"]
[SourceQuality "1"]

1. f4 d5 2. Nf3 Nf6 3. e3 c5 4. Be2 Nc6 5. O-O Bf5 6. Ne5 e6 7. b3 d4 8. Nxc6 bxc6 9. Bf3 Qc7 10. d3 dxe3 11. Bxe3 Nd5 12. Bd2 Bd6 13. g3 O-O 14. Na3 e5 15. Bxd5 cxd5 16. fxe5 Bxe5 17. Rxf5 Rae8 18. Bf4 Bd4+ 19. Kg2 Qd7 20. Rh5 Bxa1 21. Qxa1 Re2+ 22. Kf3 Rfe8 23. Be5 d4 24. Nc4 f6 25. Qd1 R2xe5 26. Nxe5 fxe5 27. Kg2 Qf7 28. Qf3 g6 29. Rh4 Rf8 30. Qxf7+ Rxf7 31. Re4 Re7 32. Kf3 Kf7 1/2-1/2